=LDR 00000nam 2200000 4500 =001 INLIS000000000034353 =005 20140723164711.0 =006 =007 =008 ind =035 ##$$a 0010-061300000034353 =041 ##$$a ind =082 ##$$a 813 =090 ##$$a 813, Kle r =100 ##$$a Kleypas, Lisa =245 ##$$a Romansa pada musim dingin, Lisa kleypas ; ahli bahasa, susila kinanti G =260 ##$$a 2009 $b Jakarta =300 ##$$a 464 hlm, 18 cm =650 ##$$a Fiksi =650 ##$$a Kinanti G, Susila =850 ##$$a NBPNMAT =990 ##$$a 93723/BPAP-NTB/2014 =990 ##$$a 21400613/BPAP-NTB/20142014 =990 ##$$a 21400613/BPAP-NTB/20142014 =990 ##$$a 83748374 =990 ##$$a 01201708374 =990 ##$$a 93723/BPAP-NTB/2014 =990 ##$$a 21400613/BPAP-NTB/20142014 =990 ##$$a 21400613/BPAP-NTB/20142014